Using discussion in classroom
Αποθηκεύτηκε σε:
| Κύριος συγγραφέας: | |
|---|---|
| Μορφή: | Βιβλίο |
| Γλώσσα: | English |
| Δημοσίευση: |
Buckingham, Philadelphia :
Open University Press,
1994
|
| Θέματα: | |
| Ετικέτες: |
Προσθήκη ετικέτας
Δεν υπάρχουν, Καταχωρήστε ετικέτα πρώτοι!
|
MARC
| LEADER | 00000nam a2200000 i 4500 | ||
|---|---|---|---|
| 001 | 1/86750 | ||
| 008 | 990720s1994 eng d | ||
| 020 | |a 0-335-19324-2 | ||
| 035 | |l 10052145 | ||
| 040 | |a GR-MY-UA |b gre |e aacr | ||
| 041 | 0 | |a eng | |
| 082 | 0 | |a 371.37 | |
| 100 | 1 | |a Dillon, J. T. | |
| 245 | 1 | 0 | |a Using discussion in classroom / |c James T. Dillon |
| 260 | |a Buckingham, Philadelphia : |b Open University Press, |c 1994 | ||
| 300 | |a 148 p. | ||
| 650 | 0 | 0 | |a Forums (Discussion and debate) |
| 852 | |a INST |b RHODES |e 19990720 |h 371.37 DIL |p 005400014824 |q 005400014824 |t BK |y 0 | ||
| 901 | |a BIBL4-1999-2 | ||
| 909 | |a Ρ |b 065584 | ||
| 922 | |a 4ΕΛΗ |b 199905 |c ΚΠΣ/154 |d LEADER | ||
| 970 | |z 1999/07/20 |a ΚΟΥΛΑΚΙΟΤΗ |b ΛΙΤΣΑ | ||